| 000 | 00400cam a2200169 4500 | ||
|---|---|---|---|
| 001 | D13786 | ||
| 008 | 090401t1959 xxu||||| |||| 00| 0 eng d | ||
| 035 | _a(Sirsi) u11630 | ||
| 041 | _aeng | ||
| 100 | _aRuoff, Theodore B.F | ||
| 245 | _aConcise land registration practice | ||
| 260 |
_aLondon _bSweet & Maxwell _c1959 |
||
| 350 | _a0 | ||
| 520 | _aShelf 134 | ||
| 942 | _n0 | ||
| 948 | _c04/03/1997 | ||
| 999 |
_c86883 _d86883 |
||